00794nam a2200217 4500999001500000001000600015003000900021005001700030008004100047040003800088082002300126245011400149260004000263300002200303505001200325650004400337700002800381700002900409942001200438952012600450 c1813d181319205BD-DhUAP20200216155931.0200216s2014 bg mx p w 0 a0eng d aBD-DhAALcBD-DhAALbEngdBD-DhUAP00a348.549204 DHA22300aThe Dhaka Law Reports :ba monthly law journal /cedited by Obaidul Huq Chowdhury and Md. Khurshid Alam Khan. aDhaka :bDhaka law reports,cc2014. avolumes ;c26 cm. aV. 66-- aLaw reports, digests, etc.zBangladesh. aChowdhury, Obaidul Huq. aKhan, Md. Khurshid Alam. 2ddccBK 00102ddc4070aUAPCLbUAPCLcGeneral Stacksd2020-02-16o348.549204 DHA V-66p3010019205r2020-02-16t1w2020-02-16yBK